Ekonomické dopady pandémie COVID-19 na ekonomiku Číny
Pandémia COVID-19, ktorá vypukla v Číne na konci roka 2019 a rozšírila sa po celom svete v nasledujúcich 4 mesiacoch, ukázala vysoký stupeň vzájomnej prepojenosti, vzájomnej závislosti, ale aj zraniteľnosti globálnej ekonomiky. Kríza priamo súvisiaca s pandémiou COVID-19 uvrhla mnohé štáty do recesi...
Gespeichert in:
| 1. Verfasser: | |
|---|---|
| Format: | Buchkapitel |
| Sprache: | Slowakisch |
| Schlagworte: | |
| Tags: |
Keine Tags, Fügen Sie das erste Tag hinzu!
|
MARC
| LEADER | 00000naa a2200000 4500 | ||
|---|---|---|---|
| 001 | 0276688 | ||
| 005 | 20240502074322.3 | ||
| 041 | 0 | |a slo | |
| 044 | |a SK | ||
| 245 | 1 | 0 | |a Ekonomické dopady pandémie COVID-19 na ekonomiku Číny |c Adam Cibuľa |
| 520 | |a Pandémia COVID-19, ktorá vypukla v Číne na konci roka 2019 a rozšírila sa po celom svete v nasledujúcich 4 mesiacoch, ukázala vysoký stupeň vzájomnej prepojenosti, vzájomnej závislosti, ale aj zraniteľnosti globálnej ekonomiky. Kríza priamo súvisiaca s pandémiou COVID-19 uvrhla mnohé štáty do recesie. Už teraz možno jednoznačne konštatovať, že COVID-19 predstavuje najväčšiu výzvu pre ľudstvo od druhej svetovej vojny. Čína ako epicentrum choroby dokázala pomerne rýchlo čeliť nekontrolovateľnému šíreniu pandémie zavedením prísnych karanténnych opatrení a sociálnej izolácie obyvateľstva. Rok 2020 bol pre Čínu a svet zložitou skúškou. Ekonomické účinky pandémie sú neporovnateľné s každou krízou v poslednom polstoročí. | ||
| 610 | 2 | 0 | |a pandémia |
| 610 | 2 | 0 | |a Čína |
| 610 | 2 | 0 | |a hospodárstvo svetové |
| 100 | 1 | |a Cibuľa, Adam, 1992- | |